| 000 | 01224cam a2200229 4500 | ||
|---|---|---|---|
| 001 | ABS66743 | ||
| 008 | 030522n2003 000 0 eng u | ||
| 035 | _a(Sirsi) u122369 | ||
| 100 | _aLudman, M. | ||
| 245 | _aHull begins battle to change hearts and minds | ||
| 260 | _c2003 | ||
| 490 |
_aNew Urban Futures _v(13) 17 April 2003, 6(1) |
||
| 520 | _aCharts the regeneration of Hull, once described as 'the end of England'. Highlights two specific landmarks that should transform Hull's economy; the £45.5m 'submarium' and the city's new Urban Regeneration Company (URC) status leading to the launch of Hull Citybuild. Looks at the challenges Hull faces in becoming one of the UK's top 10 cities, such as its isolated location, and outlines the key objectives of the URC masterplan which include creating a unified city centre with a regenerated waterfront. Concludes by briefly looking at plans for waterfront development. Lists three websites covering the regeneration of Hull city centre. | ||
| 590 | _aABS | ||
| 650 | _aHULL | ||
| 650 | _aURBAN REGENERATION | ||
| 650 | _aWATERFRONT DEVELOPMENT | ||
| 650 | _aMASTERPLANS | ||
| 650 | _aURBAN REGENERATION COMPANIES | ||
| 690 | _aREGENERATION | ||
| 942 | _n0 | ||
| 999 |
_c72726 _d72726 |
||